[Event "Int SVK-ch Open 2020"]
[Site "Drienica"]
[Date "2020.08.13"]
[Round "6.24"]
[White "Ondo, Tomas"]
[Black "Paluska, Karol"]
[Result "1/2-1/2"]
[WhiteElo "2065"]
[BlackElo "1873"]
[Annotator "ChessBase"]
[PlyCount "64"]
[EventDate "2020.08.07"]
[EventType "swiss"]
[EventCountry "SVK"]
[TimeControl "40/5400+30:1800+30"]

1. e4 {[%emt 0:00:00]} c6 {[%emt 0:00:00]} 2. d4 {[%emt 0:00:00]} d5 {[%emt 0:00:00]} 3. exd5 {[%emt 0:00:03]} cxd5 {[%emt 0:00:00]} 4. Bd3 {[%emt 0:00:07]} Nc6 {[%emt 0:00:25]} 5. c3 {[%emt 0:00:07]} Nf6 {[%emt 0:00:05]} 6. Bf4 {[%emt 0:00:40]} Bg4 {[%emt 0:00:17]} 7. Qb3 {[%emt 0:00:31]} Qb6 {[%emt 0:01:02]} 8. Qxb6 {[%emt 0:00:18]} axb6 {[%emt 0:00:34]} 9. h3 {[%emt 0:00:15]} Bh5 {[%emt 0:00:16]} 10. Na3 {[%emt 0:00:57]} Kd7 {[%emt 0:10:48]} 11. Nb5 {[%emt 0:01:42]} Rc8 {[%emt 0:01:14]} 12. Ne2 {[%emt 0:01:29]} e6 {[%emt 0:00:37]} 13. a4 {[%emt 0:07:44]} Bg6 {[%emt 0:07:30]} 14. Nc1 {[%emt 0:05:34]} Ne8 {[%emt 0:04:30]} 15. O-O {[%emt 0:06:57]} Bd6 {[%emt 0:00:08]} 16. Bxd6 {[%emt 0:23:31]} Nxd6 {[%emt 0:01:20]} 17. Bxg6 {[%emt 0:03:37]} hxg6 {[%emt 0:00:07]} 18. Nd3 {[%emt 0:05:19]} Ra8 {[%emt 0:13:10]} 19. f4 {[%emt 0:11:39]} f6 {[%emt 0:14:31]} 20. Nxd6 {[%emt 0:08:51]} Kxd6 {[%emt 0:00:17]} 21. b4 {[%emt 0:00:56]} Rhc8 {[%emt 0:03:17]} 22. Ra3 {[%emt 0:01:35]} Ra7 {[%emt 0:08:46]} 23. Nb2 {[%emt 0:10:12]} b5 {[%emt 0:09:39]} 24. Rfa1 {[%emt 0:00:15]} Rca8 {[%emt 0:00:07]} 25. Kf2 {[%emt 0:00:48]} bxa4 {[%emt 0:04:01]} 26. Rxa4 {[%emt 0:00:12]} b5 {[%emt 0:02:10]} 27. Rxa7 {[%emt 0:00:18]} Rxa7 {[%emt 0:00:04]} 28. Rxa7 {[%emt 0:00:13]} Nxa7 {[%emt 0:00:03]} 29. Nd3 {[%emt 0:01:44]} Nc8 {[%emt 0:02:19]} 30. Ne1 {[%emt 0:03:38]} Ke7 {[%emt 0:06:38]} 31. Nf3 {[%emt 0:01:43]} Nd6 {[%emt 0:00:04]} 32. Ke3 {[%emt 0:03:28]} Nc4+ {[%emt 0:04:18]} 1/2-1/2

[Event "Int SVK-ch Open 2020"]
[Site "Drienica"]
[Date "2020.08.12"]
[Round "6.24"]
[White "Sevcik, Ondrej"]
[Black "Ihnat, Marek"]
[Result "1/2-1/2"]
[WhiteElo "1017"]
[BlackElo "2065"]
[Annotator "ChessBase"]
[PlyCount "43"]
[EventDate "2020.08.07"]
[EventType "swiss"]
[EventCountry "SVK"]
[SourceTitle "playchess.com"]
[Source "ChessBase"]
[SourceQuality "1"]
[TimeControl "40/5400+30:1800+30"]

1. e4 e6 2. d4 d5 3. exd5 exd5 4. Nc3 c6 5. Bd3 Bd6 6. Nge2 Ne7 7. O-O Qc7 8. g3 Bf5 9. Bf4 Nd7 10. Qd2 O-O-O 11. a3 h6 12. b4 b5 13. a4 Bxf4 14. Nxf4 g5 15. Nfe2 bxa4 16. Rxa4 Nb6 17. Ra5 Kd7 18. Rfa1 Ra8 19. Bxf5+ Nxf5 20. Qd3 Nd6 21. Qf3 f5 22. Ra6 1/2-1/2

[Event "Int SVK-ch Open 2020"]
[Site "Drienica"]
[Date "2020.08.13"]
[Round "6.25"]
[White "Walterova, Ema"]
[Black "Brnusak, Tomas"]
[Result "0-1"]
[WhiteElo "1790"]
[BlackElo "2044"]
[Annotator "ChessBase"]
[PlyCount "86"]
[EventDate "2020.08.07"]
[EventType "swiss"]
[EventCountry "SVK"]
[TimeControl "40/5400+30:1800+30"]

1. e4 {[%emt 0:00:00]} e6 {[%emt 0:00:00]} 2. d4 {[%emt 0:00:00]} d5 {[%emt 0:00:35]} 3. exd5 {[%emt 0:01:35]} exd5 {[%emt 0:00:32]} 4. Nf3 {[%emt 0:01:53]} Bd6 {[%emt 0:00:55]} 5. Nc3 {[%emt 0:00:44]} Ne7 {[%emt 0:00:49]} 6. Bd2 {[%emt 0:03:34]} c6 {[%emt 0:00:56]} 7. h3 {[%emt 0:01:21]} O-O {[%emt 0:02:00]} 8. Bd3 {[%emt 0:01:04]} Bf5 {[%emt 0:01:42]} 9. Be2 {[%emt 0:07:34]} Ng6 {[%emt 0:04:35]} 10. Qc1 {[%emt 0:03:47]} Re8 {[%emt 0:03:15]} 11. O-O {[%emt 0:00:38]} Qc8 {[%emt 0:03:46]} 12. h4 {[%emt 0:13:46]} Bg4 {[%emt 0:03:11]} 13. Be3 {[%emt 0:13:29]} f5 {[%emt 0:09:43]} 14. Ne5 {[%emt 0:08:04]} Nxe5 {[%emt 0:04:09]} 15. dxe5 {[%emt 0:00:57]} Bxe2 {[%emt 0:00:16]} 16. Nxe2 {[%emt 0:00:08]} Bxe5 {[%emt 0:00:08]} 17. Bd4 {[%emt 0:04:57]} Nd7 {[%emt 0:04:16]} 18. Qg5 {[%emt 0:04:55]} c5 {[%emt 0:17:08]} 19. Bxe5 {[%emt 0:04:29]} Nxe5 {[%emt 0:00:36]} 20. Ng3 {[%emt 0:02:36]} g6 {[%emt 0:06:32]} 21. Nh5 {[%emt 0:08:21]} Nd7 {[%emt 0:01:37]} 22. Rad1 {[%emt 0:03:54]} Qc6 {[%emt 0:01:12]} 23. Rd3 {[%emt 0:04:04]} Re4 {[%emt 0:14:58]} 24. Nf4 {[%emt 0:03:45]} d4 {[%emt 0:00:41]} 25. h5 {[%emt 0:04:16]} Qf6 {[%emt 0:02:04]} 26. Qg3 {[%emt 0:00:24]} Qd6 {[%emt 0:03:34]} 27. hxg6 {[%emt 0:01:51]} Qxf4 {[%emt 0:00:37]} 28. gxh7+ {[%emt 0:00:30]} Kh8 {[%emt 0:00:07]} 29. Qg6 {[%emt 0:01:00]} Qg4 {[%emt 0:01:36]} 30. Qf7 {[%emt 0:00:27]} Qg7 {[%emt 0:00:17]} 31. Qxf5 {[%emt 0:00:16]} Rg4 {[%emt 0:00:13]} 32. Rg3 {[%emt 0:00:57]} Rxg3 {[%emt 0:00:04]} 33. fxg3 {[%emt 0:00:03]} Rf8 {[%emt 0:00:06]} 34. Qd5 {[%emt 0:00:43]} Rxf1+ {[%emt 0:00:07]} 35. Kxf1 {[%emt 0:00:02]} b6 {[%emt 0:00:59]} 36. Qa8+ {[%emt 0:00:38]} Qf8+ {[%emt 0:00:04]} 37. Qxf8+ {[%emt 0:00:06]} Nxf8 {[%emt 0:00:04]} 38. Ke2 {[%emt 0:00:23]} c4 {[%emt 0:00:20]} 39. b3 {[%emt 0:01:02]} b5 {[%emt 0:00:04]} 40. Kf3 {[%emt 0:00:46]} Kxh7 {[%emt 0:00:14]} 41. Ke4 {[%emt 0:02:50]} Ne6 {[%emt 0:00:24]} 42. a3 {[%emt 0:01:21]} Kg6 {[%emt 0:00:14]} 43. g4 {[%emt 0:00:40]} d3 {[%emt 0:00:21]} 0-1

[Event "Int SVK-ch Open 2020"]
[Site "Drienica"]
[Date "2020.08.13"]
[Round "7.1"]
[White "Manik, Mikulas"]
[Black "Bures, Jaroslav"]
[Result "1/2-1/2"]
[WhiteElo "2366"]
[BlackElo "2386"]
[Annotator "ChessBase"]
[PlyCount "25"]
[EventDate "2020.08.07"]
[EventType "swiss"]
[EventCountry "SVK"]
[SourceTitle "playchess.com"]
[Source "ChessBase"]
[SourceQuality "1"]
[TimeControl "40/5400+30:1800+30"]

1. e4 {[%emt 0:00:06]} c6 {[%emt 0:00:00]} 2. Nf3 {[%emt 0:00:09]} d5 {[%emt 0:00:00]} 3. Nc3 {[%emt 0:00:05]} Bg4 {[%emt 0:00:00]} 4. h3 {[%emt 0:00:06]} Bxf3 {[%emt 0:00:00]} 5. Qxf3 {[%emt 0:00:11]} Nf6 {[%emt 0:00:00]} 6. g3 {[%emt 0:03:29]} e6 {[%emt 0:13:45]} 7. Bg2 {[%emt 0:00:49]} Bc5 {[%emt 0:01:08]} 8. O-O {[%emt 0:03:19]} Bd4 {[%emt 0:02:50]} 9. d3 {[%emt 0:02:28]} Nbd7 {[%emt 0:01:40]} 10. Nd1 {[%emt 0:06:33]} Qc7 {[%emt 0:08:38]} 11. Kh1 {[%emt 0:06:36]} Rd8 {[%emt 0:09:33]} 12. Qe2 {[%emt 0:01:30]} dxe4 {[%emt 0:02:10]} 13. dxe4 {[%emt 0:03:21]} 1/2-1/2

[Event "Int SVK-ch Open 2020"]
[Site "Drienica"]
[Date "2020.08.13"]
[Round "7.1"]
[White "Banoci, Jaroslav"]
[Black "Sedlakova, Ivana"]
[Result "1-0"]
[WhiteElo "1833"]
[BlackElo "1983"]
[Annotator "ChessBase"]
[PlyCount "45"]
[EventDate "2020.08.07"]
[EventType "swiss"]
[EventCountry "SVK"]
[SourceTitle "playchess.com"]
[Source "ChessBase"]
[SourceQuality "1"]
[TimeControl "40/5400+30:1800+30"]

1. d4 {[%emt 0:06:42]} d5 {[%emt 0:00:00]} 2. Nf3 {[%emt 0:00:12]} Nf6 {[%emt 0:00:04]} 3. e3 {[%emt 0:00:57]} e6 {[%emt 0:09:03]} 4. Bd3 {[%emt 0:00:33]} Nbd7 {[%emt 0:07:55]} 5. Nbd2 {[%emt 0:01:33]} c5 {[%emt 0:14:22]} 6. b3 {[%emt 0:02:17]} Bd6 {[%emt 0:11:11]} 7. Bb2 {[%emt 0:02:22]} O-O {[%emt 0:12:00]} 8. Ne5 {[%emt 0:02:24]} b6 {[%emt 0:08:14]} 9. f4 {[%emt 0:02:49]} Bb7 {[%emt 0:00:44]} 10. Qf3 {[%emt 0:05:26]} Qc7 {[%emt 0:05:26]} 11. c3 {[%emt 0:03:50]} a5 {[%emt 0:14:42]} 12. O-O {[%emt 0:01:42]} c4 {[%emt 0:00:27]} 13. Bc2 {[%emt 0:02:06]} b5 {[%emt 0:01:07]} 14. Rac1 {[%emt 0:05:14]} g6 {[%emt 0:02:26]} 15. Bb1 {[%emt 0:02:17]} Ne8 {[%emt 0:00:33]} 16. Qh3 {[%emt 0:04:25]} f5 {[%emt 0:02:09]} 17. Qh6 {[%emt 0:06:57]} Ndf6 {[%emt 0:00:44]} 18. h3 {[%emt 0:02:18]} Rc8 {[%emt 0:02:13]} 19. Ndf3 {[%emt 0:02:45]} Qg7 {[%emt 0:00:40]} 20. Qh4 {[%emt 0:01:18]} h6 {[%emt 0:01:20]} 21. Kh2 {[%emt 0:04:48]} Kh7 {[%emt 0:01:04]} 22. Ng5+ {[%emt 0:00:37]} Kg8 23. Rg1 1-0

[Event "Int SVK-ch Open 2020"]
[Site "Drienica"]
[Date "2020.08.15"]
[Round "7.2"]
[White "Czebe, Attila"]
[Black "Istona, Martin"]
[Result "1-0"]
[WhiteElo "2378"]
[BlackElo "2267"]
[Annotator "TA"]
[PlyCount "79"]
[EventDate "2020.08.07"]
[EventType "swiss"]
[EventCountry "SVK"]

{[%evp 17,79,17,16,0,26,18,29,22,43,41,40,31,35,39,50,42,37,29,48,48,64,77,60,14,12,12,33,13,12,12,12,11,12,0,27,0,0,0,13,10,10,10,31,0,89,89,89,89,89,89,124,89,271,260,410,410,367,358,409,408,376,0,406,395]} 1. Nf3 Nf6 2. g3 e6 3. Bg2 d5 4. O-O c5 5. d4 cxd4 6. b3 Nc6 7. Nxd4 Bd7 8. Bb2 Be7 9. Nd2 O-O 10. e4 {[#] D02: 1 d4 d5 2 Nf3 sidelines, including 2...Nf6 3 g3 and 2...Nf6 3 Bf4.} dxe4 $146 (10... Rc8 {looks sharper.} 11. Nxc6 Bxc6 12. Qe2 dxe4 13. Nxe4 Nxe4 14. Bxe4 Qc7) ({Predecessor:} 10... Nxd4 11. Bxd4 Bc6 12. e5 Nd7 13. c3 Bc5 14. Nf3 Bxd4 15. cxd4 Bb5 16. Re1 Rc8 17. Qd2 a5 {1-0 (33) Faibisovich,V (2325)-Schwander,L (2135) Basel 2018}) 11. Nxe4 Nxe4 12. Bxe4 {White has an edge.} Bf6 13. Nxc6 Bxc6 14. Qxd8 Rfxd8 15. Bxf6 gxf6 16. Bxc6 bxc6 $14 {[%mdl 4096] Endgame KRR-KRR} 17. Rad1 f5 18. Rfe1 Kf8 19. Rxd8+ Rxd8 {KR-KR} 20. Re3 Ke7 21. Rc3 Rd1+ 22. Kg2 Kd6 23. Rc4 Rc1 24. Rd4+ Ke7 25. Rc4 Kd6 26. Kf3 e5 27. Ke2 e4 28. b4 Ra1 29. Rc5 Rxa2 30. Ke3 Rb2 (30... Ra3+ $11 31. Ke2 Rf3) 31. Rxf5 $16 Ke6 32. Rc5 $1 Rxb4 33. Rxc6+ Ke5 34. Rc7 f5 $2 (34... Ke6 $16 {was worth a try.}) 35. Rxa7 $18 (35. Rxh7 Rc4 $16) 35... Rc4 {[#]} (35... Rb2 $142 36. Kd2 (36. Rxh7 Rxc2 37. h4 Rc3+ 38. Kd2 Ra3 $16) 36... h5) 36. Kd2 $1 Rd4+ {[#]} 37. Kc1 $1 Rc4 38. Rxh7 Rc3 {intending ...Rf3.} 39. Rh5 $2 ({Only move:} 39. Rh4 $18 {aiming for Kd2.} Rc6 40. Kd2) 39... Kf6 $2 {[%mdl 8192]} (39... Rf3 $11 {and Black stays safe.}) 40. Rh4 {Accuracy: White = 81%, Black = 58%.} 1-0

[Event "Int SVK-ch Open 2020"]
[Site "Drienica"]
[Date "2020.08.13"]
[Round "7.2"]
[White "Skovran, Jaroslav"]
[Black "Lehocz, Jozsef Jr."]
[Result "1/2-1/2"]
[WhiteElo "1975"]
[BlackElo "1534"]
[Annotator "ChessBase"]
[PlyCount "55"]
[EventDate "2020.08.07"]
[EventType "swiss"]
[EventCountry "SVK"]
[SourceTitle "playchess.com"]
[Source "ChessBase"]
[SourceQuality "1"]
[TimeControl "40/5400+30:1800+30"]

1. e4 {[%emt 0:00:00]} c5 {[%emt 0:00:00]} 2. Nf3 {[%emt 0:00:00]} d6 {[%emt 0:00:00]} 3. g3 {[%emt 0:00:16]} Nc6 {[%emt 0:00:54]} 4. Bg2 {[%emt 0:00:10]} Nf6 {[%emt 0:00:21]} 5. d3 {[%emt 0:00:20]} g6 {[%emt 0:00:50]} 6. O-O {[%emt 0:01:32]} Bg7 {[%emt 0:01:12]} 7. Nc3 {[%emt 0:01:47]} O-O {[%emt 0:02:38]} 8. h3 {[%emt 0:00:43]} Bd7 {[%emt 0:09:46]} 9. Ne2 {[%emt 0:05:05]} b5 {[%emt 0:07:36]} 10. c3 {[%emt 0:01:41]} a5 {[%emt 0:02:10]} 11. Qc2 {[%emt 0:01:10]} b4 {[%emt 0:08:29]} 12. Rb1 {[%emt 0:01:42]} Qc8 {[%emt 0:22:35]} 13. Kh2 {[%emt 0:00:48]} Be6 {[%emt 0:01:02]} 14. c4 {[%emt 0:11:34]} Rb8 {[%emt 0:04:45]} 15. Qd1 {[%emt 0:04:28]} Qa6 {[%emt 0:01:14]} 16. Be3 {[%emt 0:00:58]} Rfc8 {[%emt 0:01:11]} 17. Qd2 {[%emt 0:01:45]} b3 {[%emt 0:24:19]} 18. a3 {[%emt 0:02:13]} Bd7 {[%emt 0:00:10]} 19. Nc3 {[%emt 0:01:06]} a4 {[%emt 0:00:54]} 20. Ng1 {[%emt 0:01:36]} Qa5 {[%emt 0:00:36]} 21. Rbd1 {[%emt 0:12:16]} Nd4 {[%emt 0:00:38]} 22. Bxd4 {[%emt 0:02:31]} cxd4 {[%emt 0:00:03]} 23. Nce2 {[%emt 0:02:30]} Qxd2 {[%emt 0:00:41]} 24. Rxd2 {[%emt 0:00:12]} e5 {[%emt 0:00:04]} 25. f4 {[%emt 0:02:07]} Bh6 {[%emt 0:00:41]} 26. Rdd1 {[%emt 0:00:22]} Ne8 {[%emt 0:02:55]} 27. g4 {[%emt 0:02:06]} g5 {[%emt 0:00:29]} 28. f5 {[%emt 0:08:08]} 1/2-1/2

[Event "Int SVK-ch Open 2020"]
[Site "Drienica"]
[Date "2020.08.15"]
[Round "7.3"]
[White "Orsag, Milan"]
[Black "Majek, Kacper"]
[Result "1-0"]
[WhiteElo "2300"]
[BlackElo "1970"]
[Annotator "TA"]
[PlyCount "119"]
[EventDate "2020.08.07"]
[EventType "swiss"]
[EventCountry "SVK"]

{[%evp 17,119,16,11,0,16,12,40,25,62,73,80,68,83,85,93,94,94,92,95,83,89,83,85,84,131,134,122,127,137,125,154,136,155,112,171,155,171,131,131,131,149,129,363,364,335,116,278,262,236,146,156,152,166,166,159,124,158,133,128,132,143,88,132,132,142,93,117,84,72,36,37,36,60,58,49,13,18,10,9,8,8,8,55,8,345,320,277,331,343,344,475,436,387,455,29981,29983,29988,29985,29988,29989,29989,29988,29990,29989]} 1. d4 d5 2. Nf3 Nf6 3. c4 e6 4. Nc3 Be7 5. Bg5 O-O 6. e3 b6 7. Bd3 Bb7 8. Bxf6 Bxf6 9. cxd5 exd5 10. b4 {D55: Queen's Gambit Declined: 4 Bg5 Be7: Lines without ...h6 and 6...h6 7 Bxf6.} Re8 11. O-O Nd7 12. Qb3 {White is slightly better.} Nf8 13. b5 Qd6 {[#]} 14. a4 $146 ({Predecessor:} 14. Rfc1 g6 15. a4 Bg7 16. a5 Rad8 17. Na2 Ne6 18. Nb4 f5 19. g3 {1-0 (34) Salemgareev,T (2262)-Isaykin,A (1924) Khanty-Mansiysk 2016}) 14... c5 {[#] Hoping for ...c4.} 15. bxc6 $1 Bxc6 16. Bb5 Red8 17. Rfc1 Bb7 18. Bd3 a6 19. Rab1 Nd7 20. Bf5 Rab8 21. Bxd7 Rxd7 22. Qxb6 Qxb6 23. Rxb6 {And now Rcb1 would win.} Rc8 24. h4 Bd8 25. Rb3 Ba5 (25... Rdc7 $16 {is a better defense.}) 26. Rcb1 $18 Ba8 27. Ne2 f6 28. Nf4 Bc6 29. Ne6 Bxa4 $2 {[#]} (29... Re7 $16 {was called for.}) 30. Ra3 $1 Bc2 31. Rc1 $2 (31. Rb2 $18 {is the precise move to win.}) 31... Rd6 $2 (31... Bb4 $16 32. Rxa6 Rd6 33. Rxd6 Bxd6) 32. Rxa5 Rxe6 33. Rxd5 Rec6 34. Ra5 Bd3 35. Rxc6 Rxc6 {[%mdl 4096] Endgame KRB-KRN} 36. Ra3 Be2 37. Nd2 f5 38. Ra2 Kf7 39. f3 (39. Nf3 $142 Bxf3 40. gxf3) 39... Bd3 40. Kf2 Rh6 41. Ra3 Bb5 42. g3 g5 43. Nb3 gxh4 44. gxh4 Rxh4 45. Kg3 Rh1 46. Nc5 h5 47. Kf4 h4 48. Kxf5 h3 49. Ra2 ({Wrong is} 49. Nxa6 $2 Rg1 $19) 49... Re1 ({Much weaker is} 49... h2 $6 50. Kf4 $16) 50. Kf4 {Strongly threatening Rh2.} Bc4 $2 {[%mdl 8192]} (50... Rg1 $11 {and Black stays safe.}) 51. Rh2 Bf1 52. Rh1 a5 53. e4 Rd1 54. Ke5 Rc1 55. f4 Rxc5+ (55... Rb1 $18 56. f5 a4 57. Nxa4 Rb5+ 58. Nc5 Bg2) 56. dxc5 {White mates.} Bg2 57. Rc1 Ke7 58. c6 Kd8 59. f5 h2 60. f6 {Accuracy: White = 66%, Black = 59%.} 1-0

[Event "Int SVK-ch Open 2020"]
[Site "Drienica"]
[Date "2020.08.13"]
[Round "7.3"]
[White "Ganzova, Veronika"]
[Black "Tomcik, Milan"]
[Result "0-1"]
[WhiteElo "1614"]
[BlackElo "1963"]
[Annotator "ChessBase"]
[PlyCount "102"]
[EventDate "2020.08.07"]
[EventType "swiss"]
[EventCountry "SVK"]
[SourceTitle "playchess.com"]
[Source "ChessBase"]
[SourceQuality "1"]
[TimeControl "40/5400+30:1800+30"]

1. e4 {[%emt 0:00:00]} d6 {[%emt 0:00:00]} 2. d4 {[%emt 0:00:05]} Nf6 {[%emt 0:00:00]} 3. Bd3 {[%emt 0:01:52]} g6 {[%emt 0:00:03]} 4. Nf3 {[%emt 0:00:47]} Bg7 {[%emt 0:00:05]} 5. O-O {[%emt 0:01:21]} O-O {[%emt 0:00:38]} 6. Bd2 {[%emt 0:03:45]} Nbd7 {[%emt 0:00:16]} 7. Na3 {[%emt 0:01:49]} c6 {[%emt 0:05:32]} 8. Qc1 {[%emt 0:02:50]} e5 {[%emt 0:01:36]} 9. c3 {[%emt 0:00:58]} Re8 {[%emt 0:00:29]} 10. Nc4 {[%emt 0:03:14]} Qc7 {[%emt 0:01:22]} 11. dxe5 {[%emt 0:02:51]} dxe5 {[%emt 0:05:46]} 12. Re1 {[%emt 0:02:31]} b5 {[%emt 0:03:40]} 13. Na3 {[%emt 0:01:29]} Nc5 {[%emt 0:06:02]} 14. Bc2 {[%emt 0:03:38]} Ba6 {[%emt 0:18:54]} 15. Bh6 {[%emt 0:03:31]} Rad8 {[%emt 0:02:56]} 16. Bxg7 {[%emt 0:00:31]} Kxg7 {[%emt 0:00:05]} 17. Qe3 {[%emt 0:00:28]} Ne6 {[%emt 0:00:36]} 18. h3 {[%emt 0:01:15]} c5 {[%emt 0:01:17]} 19. Rad1 {[%emt 0:02:49]} b4 {[%emt 0:02:53]} 20. Nb1 {[%emt 0:00:15]} Nf4 {[%emt 0:00:38]} 21. Ba4 {[%emt 0:02:42]} Rf8 {[%emt 0:03:10]} 22. Rxd8 {[%emt 0:04:51]} Rxd8 {[%emt 0:00:08]} 23. Rd1 {[%emt 0:00:19]} Rxd1+ {[%emt 0:13:11]} 24. Bxd1 {[%emt 0:00:07]} Nd7 {[%emt 0:00:29]} 25. Qd2 {[%emt 0:03:26]} Bd3 {[%emt 0:06:20]} 26. Bc2 {[%emt 0:01:54]} Bxc2 {[%emt 0:00:20]} 27. Qxc2 {[%emt 0:00:14]} Qd6 {[%emt 0:00:14]} 28. Kf1 {[%emt 0:08:32]} f6 {[%emt 0:03:17]} 29. Qd2 {[%emt 0:04:35]} Qd3+ {[%emt 0:01:04]} 30. Qxd3 {[%emt 0:02:25]} Nxd3 {[%emt 0:00:06]} 31. cxb4 {[%emt 0:03:00]} cxb4 {[%emt 0:00:43]} 32. Ke2 {[%emt 0:07:47]} Nxb2 {[%emt 0:00:26]} 33. Nfd2 {[%emt 0:00:40]} Nc5 {[%emt 0:02:21]} 34. f3 {[%emt 0:00:40]} Kf7 {[%emt 0:01:33]} 35. Nb3 {[%emt 0:00:39]} Ne6 {[%emt 0:00:42]} 36. N1d2 {[%emt 0:01:43]} Ke7 {[%emt 0:00:55]} 37. Na5 {[%emt 0:00:29]} Kd6 {[%emt 0:01:04]} 38. g3 {[%emt 0:01:40]} Nd4+ {[%emt 0:01:54]} 39. Ke3 {[%emt 0:00:43]} Nd1+ {[%emt 0:10:03]} 40. Kd3 {[%emt 0:01:15]} Nb2+ {[%emt 0:00:35]} 41. Ke3 {[%emt 0:30:26]} Kc5 {[%emt 0:34:32]} 42. Nab3+ {[%emt 0:02:33]} Nxb3 {[%emt 0:00:20]} 43. axb3 {[%emt 0:00:07]} Nd1+ {[%emt 0:00:15]} 44. Ke2 {[%emt 0:00:11]} Nc3+ {[%emt 0:00:22]} 45. Kd3 {[%emt 0:00:19]} Nb5 {[%emt 0:00:27]} 46. f4 {[%emt 0:01:50]} Nd4 {[%emt 0:00:38]} 47. h4 {[%emt 0:04:59]} exf4 {[%emt 0:02:52]} 48. gxf4 {[%emt 0:00:17]} a6 {[%emt 0:02:18]} 49. Ke3 {[%emt 0:00:45]} Nc2+ {[%emt 0:00:40]} 50. Kd3 {[%emt 0:00:27]} Ne1+ {[%emt 0:00:00]} 51. Ke2 {[%emt 0:00:00]} Ng2 {[%emt 0:00:00]} 0-1

[Event "Int SVK-ch Open 2020"]
[Site "Drienica"]
[Date "2020.08.15"]
[Round "7.4"]
[White "Kolesar, Milan"]
[Black "Hros, Roman"]
[Result "0-1"]
[WhiteElo "2186"]
[BlackElo "2199"]
[Annotator "ChessBase"]
[PlyCount "92"]
[EventDate "2020.08.07"]
[EventType "swiss"]
[EventCountry "SVK"]
[TimeControl "40/5400+30:1800+30"]

1. Nf3 {[%emt 0:00:00]} c5 {[%emt 0:00:03]} 2. c4 {[%emt 0:00:00]} Nc6 {[%emt 0:00:01]} 3. d4 {[%emt 0:00:00]} cxd4 {[%emt 0:00:02]} 4. Nxd4 {[%emt 0:00:00]} Nf6 {[%emt 0:00:07]} 5. Nc3 {[%emt 0:00:10]} e6 {[%emt 0:00:21]} 6. a3 {[%emt 0:00:07]} d5 {[%emt 0:01:33]} 7. cxd5 {[%emt 0:02:14]} exd5 {[%emt 0:01:36]} 8. Bf4 {[%emt 0:06:55]} a6 {[%emt 0:11:22]} 9. e3 {[%emt 0:03:23]} Bc5 {[%emt 0:08:09]} 10. Nxc6 {[%emt 0:04:34]} bxc6 {[%emt 0:00:13]} 11. Be2 {[%emt 0:04:27]} O-O {[%emt 0:01:34]} 12. Rc1 {[%emt 0:02:32]} Be7 {[%emt 0:11:02]} 13. O-O {[%emt 0:00:59]} Qa5 {[%emt 0:09:11]} 14. Qa4 {[%emt 0:07:09]} Qxa4 {[%emt 0:13:35]} 15. Nxa4 {[%emt 0:00:26]} Ra7 {[%emt 0:00:34]} 16. Bb8 {[%emt 0:13:25]} Ra8 {[%emt 0:03:41]} 17. Be5 {[%emt 0:01:33]} Nd7 {[%emt 0:00:30]} 18. Bd4 {[%emt 0:01:07]} Bb7 {[%emt 0:00:07]} 19. Nc5 {[%emt 0:01:47]} Nxc5 {[%emt 0:02:05]} 20. Bxc5 {[%emt 0:00:07]} Rfe8 {[%emt 0:01:17]} 21. Bxe7 {[%emt 0:03:36]} Rxe7 {[%emt 0:00:30]} 22. Bf3 {[%emt 0:00:36]} f5 {[%emt 0:05:14]} 23. g3 {[%emt 0:00:51]} Kf7 {[%emt 0:01:49]} 24. Rc5 {[%emt 0:00:42]} a5 {[%emt 0:05:51]} 25. b4 {[%emt 0:13:23]} axb4 {[%emt 0:00:12]} 26. axb4 {[%emt 0:00:06]} Ke6 {[%emt 0:01:26]} 27. Rfc1 {[%emt 0:02:45]} Kd6 {[%emt 0:00:21]} 28. h4 {[%emt 0:08:55]} g6 {[%emt 0:00:48]} 29. R5c3 {[%emt 0:02:16]} Ra4 {[%emt 0:01:59]} 30. Rb1 {[%emt 0:03:14]} Ba6 {[%emt 0:00:33]} 31. Bg2 {[%emt 0:05:26]} Rb7 {[%emt 0:03:33]} 32. Rcb3 {[%emt 0:00:05]} Bc4 {[%emt 0:02:22]} 33. R3b2 {[%emt 0:00:02]} Kc7 {[%emt 0:00:57]} 34. Bf1 {[%emt 0:00:37]} Ra2 {[%emt 0:04:52]} 35. Bxc4 {[%emt 0:06:59]} Rxb2 {[%emt 0:00:02]} 36. Rxb2 {[%emt 0:00:11]} dxc4 {[%emt 0:00:05]} 37. Kf1 {[%emt 0:00:08]} Kb6 {[%emt 0:00:14]} 38. Ke2 {[%emt 0:02:12]} Kb5 {[%emt 0:07:29]} 39. Kd2 {[%emt 0:00:12]} Ra7 {[%emt 0:00:20]} 40. Kc3 {[%emt 0:03:42]} Ra3+ {[%emt 0:00:09]} 41. Kc2 {[%emt 0:30:22]} c3 {[%emt 0:05:33]} 42. Rb3 {[%emt 0:00:00]} Rxb3 {[%emt 0:00:09]} 43. Kxb3 {[%emt 0:00:00]} c2 {[%emt 0:00:02]} 44. Kxc2 {[%emt 0:00:00]} Kxb4 {[%emt 0:00:01]} 45. Kd3 {[%emt 0:00:00]} c5 {[%emt 0:00:06]} 46. f3 {[%emt 0:00:00]} Kb3 {[%emt 0:00:51]} 0-1

[Event "Int SVK-ch Open 2020"]
[Site "Drienica"]
[Date "2020.08.13"]
[Round "7.4"]
[White "Tomcikova, Zuzana"]
[Black "Dujava, Daniel"]
[Result "1/2-1/2"]
[WhiteElo "1776"]
[BlackElo "2111"]
[Annotator "ChessBase"]
[PlyCount "41"]
[EventDate "2020.08.07"]
[EventType "swiss"]
[EventCountry "SVK"]
[SourceTitle "playchess.com"]
[Source "ChessBase"]
[SourceQuality "1"]
[TimeControl "40/5400+30:1800+30"]

1. e4 {[%emt 0:00:00]} c5 {[%emt 0:00:00]} 2. Nc3 {[%emt 0:00:00]} Nc6 {[%emt 0:00:00]} 3. Bb5 {[%emt 0:00:02]} Nd4 {[%emt 0:00:24]} 4. Bc4 {[%emt 0:00:07]} g6 {[%emt 0:00:33]} 5. f4 {[%emt 0:00:58]} e6 {[%emt 0:01:27]} 6. Nf3 {[%emt 0:01:58]} Bg7 {[%emt 0:02:39]} 7. d3 {[%emt 0:00:31]} Ne7 {[%emt 0:01:27]} 8. O-O {[%emt 0:02:12]} d5 {[%emt 0:05:09]} 9. Bb5+ {[%emt 0:04:31]} Nxb5 {[%emt 0:03:49]} 10. Nxb5 {[%emt 0:00:08]} a6 {[%emt 0:06:13]} 11. Nc3 {[%emt 0:03:05]} dxe4 {[%emt 0:03:26]} 12. Nxe4 {[%emt 0:03:11]} O-O {[%emt 0:01:59]} 13. Kh1 {[%emt 0:05:41]} b6 {[%emt 0:00:28]} 14. a4 {[%emt 0:03:40]} Qc7 {[%emt 0:03:34]} 15. Qe2 {[%emt 0:12:04]} a5 {[%emt 0:10:44]} 16. Rb1 {[%emt 0:03:11]} Nd5 {[%emt 0:02:41]} 17. Ne5 {[%emt 0:04:41]} Nf6 {[%emt 0:15:06]} 18. Nxf6+ {[%emt 0:01:45]} Bxf6 {[%emt 0:00:41]} 19. b3 {[%emt 0:00:27]} Bb7 {[%emt 0:03:23]} 20. Bb2 {[%emt 0:00:40]} Bg7 {[%emt 0:06:18]} 21. Ng4 1/2-1/2